[Event "TCh-FIN 2007-8"]
[Site "Finland FIN"]
[Date "2007.09.16"]
[Round "2"]
[White "Molander,R"]
[Black "Tuominen,R"]
[Result "0-1"]
[WhiteElo "2293"]
[BlackElo "2293"]

1.c4 e5 2.g3 f5 3.Bg2 Nf6 4.d3 d6 5.Nc3 g6 6.e3 Bg7 7.Nge2 O-O 8.O-O c6 9.b3 d5
10.Ba3 Re8 11.Re1 Be6 12.Rc1 Na6 13.Qc2 Qa5 14.Bd6 Rad8 15.c5 e4 16.dxe4 dxe4
17.a3 Qxa3 18.Ra1 Qb4 19.Reb1 Nxc5 20.Na2 Bxb3 21.Qxc5 Qc4 22.Nac3 Nd5 23.Nxd5 Bxa1
24.Nc7 Qxc5 25.Bxc5 Re5 26.Nd4 Bf7 27.Rxa1 Rxc5 28.Nce6 Rcd5 29.Nxd8 Rxd8
30.f3 c5 31.Ne2 Rd2 32.Nc3 Rd3 33.Ne2 a6 34.fxe4 fxe4 35.Kf2 Rd6 36.Bxe4 b5
37.Bb7 Bc4 38.Ke1 Rd3 39.Nf4 Rxe3+ 40.Kd2 Re7 41.Bxa6 g5 42.Nd3 Rd7 43.Ra3 Rd6
44.Bb7 b4 45.Ra8+ Kg7 46.Be4 Bxd3 47.Bxd3 c4 48.Ra7+ Kf6 49.Rxh7 Rxd3+ 50.Kc2 b3+
51.Kb2 Rd2+ 52.Kc1 c3 53.Rb7 b2+ 54.Kb1 Rd1+  0-1

[Event "2nd ITT"]
[Site "Villa Martelli ARG"]
[Date "2007.09.23"]
[Round "2"]
[White "Moskow,E"]
[Black "Zuriel,M"]
[Result "1/2-1/2"]
[WhiteElo "2254"]
[BlackElo "2184"]

1.c4 e5 2.g3 Nc6 3.Bg2 d6 4.Nc3 g6 5.Nf3 Bg7 6.d3 f5 7.O-O Nf6 8.Rb1 a5 9.a3 O-O
10.b4 axb4 11.axb4 h6 12.b5 Ne7 13.Qb3 Be6 14.Nd2 d5 15.Ba3 d4 16.Na4 Rb8
17.Nc5 Bc8 18.Qa4 b6 19.Qa7 Bd7 20.Na6 Rc8 21.Rfc1 f4 22.Bxe7 Qxe7 23.c5 fxg3
24.hxg3 Ng4 25.Ne4 Bf5 26.Nd6 Qg5 27.Nxc8 Bxc8 28.Bf3 Rxf3 29.exf3 Nxf2 30.g4 Nxg4
31.fxg4 Qxg4+ 32.Kf2 Qh4+ 33.Kg1 Qg3+ 34.Kh1 Qh3+ 35.Kg1 Qg3+ 36.Kh1 Qh3+  1/2-1/2

[Event "2nd ITT"]
[Site "Villa Martelli ARG"]
[Date "2007.09.26"]
[Round "6"]
[White "Moskow,E"]
[Black "Della Morte,P"]
[Result "1/2-1/2"]
[WhiteElo "2254"]
[BlackElo "2283"]

1.c4 e5 2.g3 Nf6 3.Bg2 d5 4.cxd5 Nxd5 5.Nc3 Nb6 6.Nf3 Nc6 7.O-O Be7 8.d3 O-O
9.a3 Be6 10.b4 a5 11.b5 Nd4 12.Nd2 c6 13.bxc6 bxc6 14.e3 Nb5 15.Qc2 Nxc3
16.Qxc3 Bd5 17.e4 Be6 18.Nf3 Bd6 19.Be3 c5 20.Rab1 Qc7 21.Rfe1 h6 22.Nh4 Rfd8
23.Nf5 Bf8 24.d4 exd4 25.Nxd4 Bc4 26.Nf5 Bd3 27.Bf4 Qa7 28.Ra1 Kh7 29.Red1 c4
30.Be3 Na4 31.Qe5 Qb8 32.Qxb8 Raxb8 33.Nd4 Nc3 34.Re1 Rbc8 35.e5 Nd5 36.e6 Nxe3
37.fxe3 fxe6 38.Nxe6 Re8 39.Bd5 Bd6 40.Nf4 Be4 41.Be6 Rc7 42.Bd5 Rce7 43.Bxc4 Bc5
44.Nd5 Bxd5 45.Bxd5 Rxe3 46.Rxe3 Rxe3 47.Kg2 Bxa3 48.Ra2 Bb4 49.Bc6 Re6 50.Bd7 Rd6
51.Ba4 Kg6 52.Be8+ Kf6 53.Bh5 Ke5 54.Re2+ Kd4 55.Rc2 Bc3 56.h4 Rb6 57.Be8 Ra6
58.Bb5 Ra8 59.Bc6 Rc8 60.Bb5 Kd5 61.Bd7 Rd8  1/2-1/2

[Event "TCh-HUN 2007-8"]
[Site "Budapest HUN"]
[Date "2007.10.14"]
[Round "1"]
[White "Kaposztas,M"]
[Black "Medvegy,N"]
[Result "1/2-1/2"]
[WhiteElo "2183"]
[BlackElo "2369"]

1.c4 e5 2.g3 Nf6 3.Bg2 d5 4.cxd5 Nxd5 5.Nf3 Nc6 6.Nc3 Nb6 7.O-O Be7 8.a3 a5
9.d3 O-O 10.Be3 Re8 11.Rc1 Bg4 12.h3 Be6 13.Ne4 Bd5 14.Nc3 Be6 15.Ne4 Bd5
16.Nc3 Be6  1/2-1/2

[Event "TCh-ROU Superliga"]
[Site "Predeal ROU"]
[Date "2007.10.16"]
[Round "4"]
[White "Marin,Mi"]
[Black "Moldovan,D"]
[Result "1/2-1/2"]
[WhiteElo "2551"]
[BlackElo "2434"]

1.c4 e5 2.g3 Nf6 3.Bg2 d5 4.cxd5 Nxd5 5.Nc3 Nb6 6.Nf3 Nc6 7.O-O Be7 8.a3 O-O
9.b4 Be6 10.Rb1 f6 11.d3 a5 12.b5 Nd4 13.Nd2 Bd5 14.Nxd5 Nxd5 15.Bb2 a4 16.Ba1 Qd7
17.Bxd4 exd4 18.Qc2 Rf7 19.Qc4 c6 20.bxc6 bxc6 21.Ra1 f5 22.Rfc1 Rd8 23.Rc2 Bf6
24.Qxa4 Nc3 25.Qc4 Nxe2+ 26.Kf1 Nc3 27.Bxc6 Qd6 28.Ba4 Rf8 29.Qc6 Qxc6 30.Bxc6 Rc7
31.Bf3 Rb8 32.a4 Ra7 33.Nc4 Rxa4 34.Rxa4 Nxa4 35.Nd6 Nc3 36.Nxf5 Rb6 37.g4 g6
38.Ng3 Be5 39.Kg2 Kg7 40.Rc1 Rb1 41.Rxb1 Nxb1 42.Bd5 Nc3 43.Bc4 Kf6 44.h4 h6
45.h5 Bxg3 46.Kxg3 g5 47.f4 Ne2+ 48.Kf3 Nxf4 49.Ke4 Nh3 50.Ba6 Nf2+ 51.Kf3 Nd1
52.Ke4 Nf2+ 53.Kf3  1/2-1/2

[Event "TCh-ROU Superliga"]
[Site "Predeal ROU"]
[Date "2007.10.17"]
[Round "5"]
[White "Grecescu,G"]
[Black "Chirila,I"]
[Result "1/2-1/2"]
[WhiteElo "2396"]
[BlackElo "2423"]

1.c4 e5 2.g3 Nf6 3.Bg2 d5 4.cxd5 Nxd5 5.Nf3 Nc6 6.O-O Nb6 7.Nc3 Be7 8.a4 a5
9.Nb5 O-O 10.d4 exd4 11.Nfxd4 Nb4 12.Nc3 Bf6 13.Ndb5 c6 14.Nd6 Qe7 15.Nxc8 Raxc8
16.Ne4 Be5 17.Be3 c5 18.Qc1 Bd4 19.Bg5 f6 20.Bf4 Rfd8 21.Rd1 c4 22.Qb1 Be5
23.Bxe5 Qxe5 24.Nc3 N6d5 25.Nxd5 Nxd5 26.Qc2 c3 27.Qb3 Kf8 28.Rxd5 Rxd5 29.Bxd5 cxb2
30.Rf1 Rc1 31.Qxb7 Rxf1+ 32.Kxf1 Qxd5 33.Qxd5 b1=Q+ 34.Kg2 Qb4 35.Qc6 Qe1
36.e3 h6 37.Qc4 Qb4 38.Qxb4+ axb4 39.a5 b3 40.a6 b2 41.a7 b1=Q 42.a8=Q+ Kf7
43.Qd5+ Kg6 44.e4 Kh7 45.Qf5+ Kh8 46.h4 Qd3 47.h5 Qe2 48.Kh3 Qd1 49.f3 Qh1+
50.Kg4 Qc1 51.Qd5 Qc8+ 52.Kh4 Qc2 53.Qd7 Qc1 54.Qe8+ Kh7 55.Qg6+ Kh8 56.Kg4 Qc8+
57.Qf5 Qc1 58.Qd5 Qc8+ 59.Kh4 Qc2 60.Qd4 Kh7 61.Qe3 Qd1 62.g4 Qc2 63.Kg3 Kg8
64.f4 Kf7 65.Qf3 Ke6 66.g5 fxg5 67.fxg5 hxg5 68.Qf5+ Ke7 69.Qxg5+ Kf7 70.Qg6+ Kf8
71.Qe6 Qe2 72.Qf5+ Kg8 73.Kf4 Qh2+ 74.Ke3 Qg1+ 75.Kd3 Qb1+ 76.Kd4 Qb4+ 77.Kd5 Qb5+
78.Ke6 Qc6+ 79.Ke7 Qb7+ 80.Kd8 Qa8+ 81.Kc7 Qa7+ 82.Kc6 Qa6+ 83.Kc5 Qa5+ 84.Kd4 Qb4+
85.Ke3 Qe1+ 86.Kf4 Qf2+ 87.Kg5 Qg3+ 88.Qg4 Qe5+  1/2-1/2

[Event "TCh-FIN 2007-8"]
[Site "Finland FIN"]
[Date "2007.10.20"]
[Round "3"]
[White "Hentunen,A"]
[Black "Linnanen,L"]
[Result "1/2-1/2"]
[WhiteElo "2352"]
[BlackElo "2190"]

1.c4 e5 2.g3 g6 3.Bg2 Bg7 4.Nc3 Ne7 5.Rb1 O-O 6.b4 d6 7.d3 Nbc6 8.Nf3 f5
9.Qb3 h6 10.O-O Kh7 11.b5 Nb8 12.Rd1 Nd7 13.d4 e4 14.Ne1 Nf6 15.Nc2 c6 16.Ba3 Re8
17.Ne3 Be6 18.bxc6 bxc6 19.d5 cxd5 20.cxd5 Bg8 21.f3 exf3 22.Bxf3 Nc6 23.Nc4 Rb8
24.Qc2 Rxb1 25.Nxb1 Ne5 26.Nxd6 Nxf3+ 27.exf3 Re5 28.Nc3  1/2-1/2

[Event "ch-Euro Blitz"]
[Site "Ajaccio FRA"]
[Date "2007.10.25"]
[Round "14"]
[White "Cvitan,O"]
[Black "Leburgue,S"]
[Result "1-0"]
[WhiteElo "2543"]
[BlackElo "2234"]

1.c4 e5 2.g3 Nf6 3.Bg2 d5 4.cxd5 Nxd5 5.Nc3 Nb6 6.Nf3 Nc6 7.O-O Be7 8.a3 O-O
9.b4 Be6 10.Rb1 f6 11.d3 Rf7 12.Ne4 Nd5 13.Bd2 a5 14.Nc5 Qc8 15.Nxe6 Qxe6
16.bxa5 Nxa5 17.Rb5 Nc6 18.Ng5  1-0

[Event "ch-Euro Blitz"]
[Site "Ajaccio FRA"]
[Date "2007.10.25"]
[Round "21"]
[White "Cvitan,O"]
[Black "Geronimi,Pi"]
[Result "1-0"]
[WhiteElo "2543"]
[BlackElo "1950"]

1.c4 e5 2.g3 Nf6 3.Bg2 c6 4.d4 Bd6 5.Nc3 Bc7 6.d5 d6 7.e4 O-O 8.Nge2 Bb6
9.O-O Bd7 10.Na4 cxd5 11.Nxb6 Qxb6 12.cxd5 Bb5 13.h3 Nbd7 14.Be3 Qa6 15.Re1 Rac8
16.Nc3 Nc5 17.Qd2 Nd3 18.Red1 Nc5 19.Rdc1 Bd3 20.f3 Bb5 21.b3 Nd3 22.Rcb1 Qa5
23.Nxb5 Qxb5 24.Bf1 Nh5 25.Bxd3 Qd7 26.Kg2 g6 27.Rc1 f5 28.exf5 gxf5 29.Bf2 Rxc1
30.Rxc1 Rf7 31.Bf1  1-0

[Event "ch-Euro Blitz"]
[Site "Ajaccio FRA"]
[Date "2007.10.26"]
[Round "23"]
[White "Cvitan,O"]
[Black "Humeau,C"]
[Result "1-0"]
[WhiteElo "2543"]
[BlackElo "2159"]

1.c4 e5 2.g3 Nf6 3.Bg2 Nc6 4.Nc3 Be7 5.Nf3 O-O 6.O-O d6 7.d4 exd4 8.Nxd4 Bd7
9.Nc2 Rb8 10.b3 Ne8 11.Nd5 Bf6 12.Rb1 g6 13.Nxf6+ Qxf6 14.Bb2 Qe7 15.Ne3 Nf6
16.Bxc6 bxc6 17.Qd4 Kg7 18.g4 h6 19.h4 c5 20.Qf4 Rfe8 21.Nd5  1-0

[Event "ch-Euro Blitz"]
[Site "Ajaccio FRA"]
[Date "2007.10.26"]
[Round "30"]
[White "Cvitan,O"]
[Black "Mchedlishvili,M"]
[Result "1/2-1/2"]
[WhiteElo "2543"]
[BlackElo "2631"]

1.c4 e5 2.g3 Nf6 3.Bg2 c6 4.d4 exd4 5.Qxd4 d5 6.Nf3 Be6 7.cxd5 Qxd5 8.Nc3 Nbd7
9.O-O Rd8 10.Rd1 Nb6 11.b3 Bb4 12.Ne4 Bc3 13.Bg5 Bxa1 14.Rxa1 Ke7 15.Rd1 Nd7
16.Be3 Qxb3 17.axb3 a6 18.Bc1 Nb8 19.Ba3+ Rd6 20.Bb2 h6 21.Bc1 Nbd7 22.h4 Nb6
23.Bd2 Nbd5 24.Bc1 Kf8 25.h5 b5 26.Bf4 Ne7 27.Bxd6 Kg8 28.Be5 Nf5 29.b4 Nd6
30.Bf1 c5 31.bxc5 Bc8  1/2-1/2

[Event "ch-Euro Blitz"]
[Site "Ajaccio FRA"]
[Date "2007.10.26"]
[Round "32"]
[White "Cvitan,O"]
[Black "Bauer,Ch"]
[Result "1/2-1/2"]
[WhiteElo "2543"]
[BlackElo "2634"]

1.c4 e5 2.g3 Nf6 3.Bg2 d5 4.cxd5 Nxd5 5.Nc3 Nb6 6.Nf3 Nc6 7.O-O Be7 8.a3 O-O
9.b4 Be6 10.Rb1 f6 11.d3 Nd4 12.Nd2 c6 13.Nce4 Bd5 14.Ra1  1/2-1/2

[Event "22nd GP Open A"]
[Site "Le Touquet FRA"]
[Date "2007.10.31"]
[Round "7"]
[White "Przymusinski,N"]
[Black "Groetz,H"]
[Result "0-1"]
[WhiteElo "2089"]
[BlackElo "2321"]

1.c4 e5 2.g3 Nc6 3.Bg2 g6 4.Nc3 Bg7 5.e4 d6 6.Nge2 Be6 7.d3 Qd7 8.Nd5 Nce7
9.d4 c6 10.Ne3 f5 11.d5 cxd5 12.exd5 Bf7 13.f4 e4 14.Rb1 b5 15.b3 Nf6 16.O-O O-O
17.Qd2 Rab8 18.Ba3 Rfc8 19.Nd4 a6 20.Rfd1 Ne8 21.h3 Qb7 22.Ne6 Bf6 23.Kh2 Qa7
24.Bf1 Rb7 25.g4 Qb8 26.c5 b4 27.c6 Rb6 28.Bb2 Bxe6 29.dxe6 Rbxc6 30.Bc4 d5
31.Nxd5 Nxd5 32.e7 Kg7 33.Qxd5 Qxf4+ 34.Kh1 Qf3+ 35.Kh2 Rxc4 36.Bxf6+ Nxf6
37.e8=N+ Rxe8 38.Qxc4 fxg4 39.Qf1 g3+ 40.Kg1 Qe3+ 41.Kh1 Qf2 42.Qg2 e3 43.Rf1 Qxg2+
44.Kxg2 e2 45.Rfe1 Re3  0-1

[Event "TCh-BEL 2007-8"]
[Site "Belgium BEL"]
[Date "2007.11.04"]
[Round "3"]
[White "Knoppert,E"]
[Black "Hausrath,D"]
[Result "0-1"]
[WhiteElo "2330"]
[BlackElo "2499"]

1.c4 e5 2.g3 Nc6 3.Bg2 f5 4.Nc3 Nf6 5.e3 d5 6.Nxd5 Nxd5 7.cxd5 Nb4 8.d3 Nxd5
9.a3 Nf6 10.Ne2 Bd6 11.O-O O-O 12.Qc2 Qe8 13.Bd2 Qh5 14.f3 Be6 15.d4 e4 16.Bb4 Qh6
17.Nf4 Bxf4 18.exf4 Rfe8 19.Rae1 Bd5 20.fxe4 fxe4 21.h3 e3 22.Qxc7 Bxg2  0-1

[Event "VIII Int Rapid"]
[Site "El Sauzal ESP"]
[Date "2007.11.04"]
[Round "9"]
[White "Komljenovic,D"]
[Black "Leon Varela,L"]
[Result "1-0"]
[WhiteElo "2471"]
[BlackElo "2200"]

1.c4 e5 2.g3 h5 3.h3 Nc6 4.Nc3 Bc5 5.Bg2 d6 6.e3 h4 7.g4 f5 8.gxf5 Bxf5 9.Ne4 Nf6
10.d3 Nxe4 11.Bxe4 Bxe4 12.dxe4 Qf6 13.Bd2 O-O 14.Rh2 Nb4 15.Bxb4 Bxb4+ 16.Kf1 Qh6
17.Kg2 Bc5 18.Kh1 Rf6 19.Rg2 Raf8 20.Qc2 R6f7 21.Re1 Rf6 22.Re2 Rg6  1-0

[Event "Open"]
[Site "Liberec CZE"]
[Date "2007.11.17"]
[Round "9"]
[White "Golcman,E"]
[Black "Broekman,W"]
[Result "1-0"]
[WhiteElo "2223"]
[BlackElo "2136"]

1.c4 e5 2.g3 c6 3.Nf3 e4 4.Nd4 Qb6 5.Nc2 d5 6.Nc3 Nf6 7.Bg2 Bf5 8.O-O Nbd7
9.cxd5 cxd5 10.d3 exd3 11.Ne3 Be6 12.Nexd5 Bxd5 13.Nxd5 Nxd5 14.Bxd5 Bd6
15.Qxd3 O-O 16.Qb3 Rab8 17.Be3 Bc5 18.Qxb6 Bxb6 19.Bf4 Rbc8 20.Rac1 Nc5 21.b4 Ne6
22.Rxc8 Rxc8 23.Bxb7 Rc2 24.Rc1 Rxe2 25.Rc8+ Nd8 26.a4 a5 27.Be3  1-0

[Event "WYb14"]
[Site "Kemer TUR"]
[Date "2007.11.19"]
[Round "2"]
[White "Khachykian,D"]
[Black "Ipatov,A"]
[Result "0-1"]
[WhiteElo "2114"]
[BlackElo "2265"]

1.c4 e5 2.g3 Nc6 3.Bg2 Nf6 4.Nc3 Bb4 5.e4 Bxc3 6.bxc3 d6 7.Ne2 O-O 8.O-O a6
9.a4 Ne8 10.Rb1 Rb8 11.f4 exf4 12.Nxf4 Ne5 13.d3 c6 14.Be3 g5 15.Ne2 c5 16.Qd2 h6
17.Rbd1 Be6 18.Qc1 Qe7 19.h4 f6 20.a5 Ng7 21.Qd2 Rf7 22.Rde1 Qc7 23.Ra1 Rbf8
24.d4 Nxc4 25.Qd3 Nxa5 26.d5 Bd7 27.c4 b5 28.Bd2 Nxc4 29.Rxa6 Ne5 30.Qe3 b4
31.Rc1 Bb5 32.Raa1 Qb7 33.Bf1 f5 34.hxg5 hxg5 35.Be1 f4 36.gxf4 gxf4 37.Qf2 Nd3
38.Qf3 Ne5 39.Qf2 f3 40.Ng3 Bxf1 41.Kxf1 Ng4 42.Qb2 Qb5+ 43.Kg1 f2+ 44.Bxf2 Rxf2
45.Rc2 Rxc2 46.Qxc2 c4 47.Nf5 Nxf5 48.exf5 Qc5+ 49.Kh1 Qxd5+  0-1

[Event "WYb14"]
[Site "Kemer TUR"]
[Date "2007.11.22"]
[Round "6"]
[White "Khachykian,D"]
[Black "Postolachi,V"]
[Result "1-0"]
[WhiteElo "2114"]
[BlackElo "1965"]

1.c4 e5 2.g3 g6 3.Bg2 Bg7 4.Nc3 Nc6 5.e3 f5 6.d3 Nf6 7.Nge2 O-O 8.Rb1 a5
9.a3 b6 10.b4 axb4 11.axb4 Bb7 12.O-O Qb8 13.Nd5 Nxd5 14.cxd5 Ne7 15.Qb3 Kh8
16.Bb2 c6 17.dxc6 Bxc6 18.Bxc6 dxc6 19.b5 c5 20.d4 cxd4 21.exd4 e4 22.Nf4 Bf6
23.Ne6 Re8 24.d5 Be5 25.f4 exf3 26.Rbe1 f2+ 27.Rxf2  1-0

[Event "WYb14"]
[Site "Kemer TUR"]
[Date "2007.11.28"]
[Round "11"]
[White "Khachykian,D"]
[Black "Javakhadze,Z"]
[Result "1/2-1/2"]
[WhiteElo "2114"]
[BlackElo "2167"]

1.c4 e5 2.g3 Nf6 3.Bg2 c6 4.d4 exd4 5.Qxd4 d5 6.Nf3 dxc4 7.Qxc4 Be6 8.Qc2 Na6
9.Bd2 Be7 10.O-O O-O 11.Nc3 h6 12.Rad1 Qc8 13.Rfe1 Bh3 14.Bh1 Re8 15.e4 Nb4
16.Qb1 Ng4 17.a3 Bc5 18.Re2 Nd5 19.Na4 Bxf2+ 20.Rxf2 Nxf2 21.Kxf2 Nf6 22.Re1 Qe6
23.e5 Ng4+ 24.Kg1 Rad8 25.Bg2 Qb3 26.Nc5 Qd5 27.Nxb7 Bxg2 28.Kxg2 Rd7 29.Qe4 Rxb7
30.Qxg4 Rxb2 31.Re2 c5 32.Kg1 Re6 33.Rf2 c4 34.h4 Qc5 35.Nd4 Rg6 36.Qf4 c3
37.Be3 Rxf2 38.Bxf2 Rb6 39.Nb3 Qc6 40.Bxb6 Qxb6+ 41.Nd4 c2 42.Kh2 Qb2 43.Nxc2 Qxc2+
44.Kh3 Qc8+ 45.Kh2 Qc2+ 46.Kh3  1/2-1/2

[Event "Open"]
[Site "Rijeka CRO"]
[Date "2007.11.28"]
[Round "5"]
[White "Rukavina,J"]
[Black "Savic,Miro"]
[Result "1/2-1/2"]
[WhiteElo "2393"]
[BlackElo "2237"]

1.c4 e5 2.g3 Nf6 3.Bg2 d5 4.cxd5 Nxd5 5.Nf3 Nc6 6.O-O Be7 7.d4 e4 8.Ne5 f5
9.Nxc6 bxc6 10.Qa4 Bd7 11.Nc3 O-O 12.Qc4 Be8 13.Bf4 Kh8 14.Nxd5 cxd5 15.Qc3 Bd6
16.Qe3 h6 17.Rac1 Rb8 18.Rc2 Rb6 19.Rfc1 c6 20.f3 Qb8 21.Qd2 g5 22.Bxd6 Qxd6
23.f4 Qb4 24.Qe3 Rg8 25.Rf1 g4 26.Kf2 h5 27.Rfc1 Rg7 28.b3 a5 29.Rc5 Ra7
30.R1c3 Rb5 31.Rxb5 Qxb5 32.a3 Qb6 33.Qd2 Kg8 34.e3 h4 35.Bf1 Rh7 36.Qc2 hxg3+
37.hxg3 Rh2+ 38.Bg2 Rh7 39.Rc5 Rb7 40.Bf1 Qxb3 41.Qxb3 Rxb3 42.Rxa5 Rb2+
43.Be2 Kf7 44.a4 Ke7 45.Rc5 Kd6 46.a5 Ra2 47.Ke1 Bd7 48.Kf1 Bc8 49.Ke1 Bb7
50.Kf1 Kc7 51.Ke1 Kb8 52.Kf1 Kc7 53.Ke1  1/2-1/2

[Event "17th TCh-SLO w"]
[Site "Ljubljana SLO"]
[Date "2007.12.01"]
[Round "4"]
[White "Novak,Ks"]
[Black "Krivec,J"]
[Result "0-1"]
[WhiteElo "2178"]
[BlackElo "2315"]

1.c4 e5 2.g3 Nf6 3.Bg2 d5 4.cxd5 Nxd5 5.Nf3 Nc6 6.d4 Bb4+ 7.Kf1 e4 8.Ne1 f5
9.Nc2 O-O 10.Nxb4 Ndxb4 11.a3 Nd5 12.Nc3 Be6 13.Nxd5 Qxd5 14.Bf4 Nxd4 15.Bxc7 Rac8
16.Rc1 Rf7 17.Bf4 Rxc1 18.Bxc1 Rd7 19.f4 Qc4 20.Qe1 Nxe2 21.Kf2 Nxc1 22.Qxc1 Qd4+
23.Ke1 e3 24.Bf3 Bb3 25.Kf1 Qd2 26.Qe1 Bc4+ 27.Be2 Qxe2+ 28.Qxe2 Rd1+ 29.Kg2 Bxe2  0-1

[Event "Four Nations Jr Teams"]
[Site "Oslo NOR"]
[Date "2007.12.01"]
[Round "2"]
[White "Tjolsen,K"]
[Black "Narmontas,T"]
[Result "1-0"]
[WhiteElo "2081"]
[BlackElo "2255"]

1.c4 e5 2.g3 Nf6 3.Bg2 c6 4.d4 e4 5.Nc3 d5 6.cxd5 cxd5 7.Bg5 Bb4 8.Nh3 Qa5
9.Bxf6 gxf6 10.O-O Nd7 11.Nf4 Bxc3 12.bxc3 Nb6 13.e3 Bf5 14.c4 O-O-O 15.cxd5 Kb8
16.Qh5 Bg6 17.Qh4 f5 18.Rfc1 Qd2 19.Rd1 Qa5 20.Qe7 Nxd5 21.Qe5+ Ka8 22.Nxd5 Qxd5
23.Qxd5 Rxd5 24.Rdc1 Kb8 25.Bf1 f6 26.Bc4 Rd6 27.Bb3 Be8 28.Rc5 Bd7 29.Rac1 Rd8
30.Rc7 b6 31.f3 Re8 32.Kf2 a6 33.R1c3 Re7 34.Bc2 Re8 35.g4 Rd5 36.Bb3 Rd6
37.Bc2 Rd5 38.gxf5 exf3 39.Kxf3 Bxf5 40.e4 Rd7 41.R7c6 Bg6 42.Rxb6+ Ka7 43.Rb4 Rde7
44.d5 Rd8 45.Kf4 Be8 46.Bb3 a5 47.Rbc4 Kb7 48.Rc5 Kb6 49.Rc8 Rd6 50.Rb8+ Ka7
51.Rcc8 Bg6 52.Bc2 Red7 53.Bd3 Re7 54.Ra8+ Kb7 55.Rcb8+ Kc7 56.Rb5 Red7 57.Rbxa5 Rb6
58.Rb5 Rbd6 59.a4 f5 60.Ra7+ Kd8 61.Rxd7+ Rxd7 62.e5 Bf7 63.d6  1-0

[Event "Open"]
[Site "Rijeka CRO"]
[Date "2007.12.02"]
[Round "9"]
[White "Rukavina,J"]
[Black "Cucancic,S"]
[Result "1-0"]
[WhiteElo "2393"]
[BlackElo "2232"]

1.c4 e5 2.g3 Nf6 3.Bg2 c6 4.d4 exd4 5.Qxd4 d5 6.Nf3 Be7 7.cxd5 cxd5 8.O-O Nc6
9.Qa4 O-O 10.Be3 Ng4 11.Bd4 Nxd4 12.Nxd4 Qb6 13.Nc3 Bc5 14.Nxd5 Qxb2 15.e3 Bxd4
16.exd4 Rd8 17.Rab1 Qd2 18.h3 Nf6 19.Rfd1 Bd7 20.Rxd2 Bxa4 21.Nxf6+ gxf6
22.Rxb7 a5 23.Rb6 Rab8 24.Rxf6 Bb5 25.Rf5 a4 26.Rc5 Rd6 27.Rb2 Rdb6 28.Bd5 Bd7
29.Rxb6 Rxb6 30.Ra5 Rb4 31.Ra7 Bxh3 32.Bxf7+ Kf8 33.d5 Bf5 34.Be6 Be4 35.f4 Rd4
36.Kf2 Rd3 37.Rxa4  1-0

[Event "Open"]
[Site "Ascona SUI"]
[Date "2007.12.04"]
[Round "3"]
[White "Stojanovic,Mih"]
[Black "Stojanovic,An"]
[Result "1-0"]
[WhiteElo "2582"]
[BlackElo "2274"]

1.g3 e5 2.c4 Nc6 3.Bg2 Nf6 4.Nc3 Bb4 5.Nf3 Bxc3 6.bxc3 d6 7.O-O O-O 8.d3 h6
9.Rb1 Rb8 10.Nh4 Bd7 11.e4 Nh7 12.Rb2 Ne7 13.f4 Ng6 14.Nxg6 fxg6 15.d4 Be6
16.Qd3 b6 17.Rbf2 Qe7 18.h3 Bf7 19.Be3 Rbd8 20.d5 Be8 21.fxe5 Rxf2 22.Rxf2 dxe5
23.c5 Nf6 24.Qa6 c6 25.cxb6 axb6 26.Bxb6 Rb8 27.Be3 cxd5 28.exd5 Bb5 29.Qa5 Bc4
30.Rd2 e4 31.d6 Qe6 32.Rd4 Rb1+ 33.Kh2 Rb2 34.Qd8+ Kh7 35.Qe7 Qxe7 36.dxe7 Bf1
37.Rd2 Rxd2 38.Bxd2 Bc4 39.a4 Kg8 40.Bxe4 Kf7 41.Bb7 Kxe7 42.a5 Kd6 43.Bf4+ Kc5
44.Be3+ Kd6 45.Bb6 Nd5 46.Bd4 Kc7 47.Ba8 Kb8 48.Bc6 h5 49.Bxg7 Ka7 50.Be8 Bd3
51.c4 Bxc4 52.Bxg6 Be2 53.Bf7 Ne7 54.h4 Nf5 55.Bc3 Nd6 56.Bd5 Ka6 57.Kg2 Kb5
58.Bf3 Ne4  1-0

[Event "Open"]
[Site "Ascona SUI"]
[Date "2007.12.06"]
[Round "5"]
[White "Cabello Fernandez,E"]
[Black "Colmenares,A"]
[Result "1-0"]
[WhiteElo "2136"]
[BlackElo "2237"]

1.c4 e5 2.g3 Nf6 3.Bg2 d5 4.cxd5 Nxd5 5.Nc3 Nb6 6.Nf3 Nc6 7.O-O Be7 8.d3 O-O
9.a3 a5 10.Be3 Be6 11.Rc1 f6 12.d4 exd4 13.Nxd4 Nxd4 14.Qxd4 Qxd4 15.Bxd4 c5
16.Be3 Rac8 17.Bxb7 Rb8 18.Bf3 f5 19.Bf4 Rbc8 20.Rfd1 Bb3 21.Bd5+ Nxd5 22.Nxd5 Bxd5
23.Rxd5 Rc6 24.Be5 Re6 25.e3 Rc6 26.Rd7 Re6 27.Rxe7 Rxe7 28.Bd6 Rfe8 29.Bxe7 Rxe7
30.Rxc5 Rb7 31.Rxa5 Rxb2 32.Rxf5 Ra2 33.Ra5 Kf7 34.Kg2 Kf6 35.h4 g6 36.g4 h6
37.g5+ hxg5 38.hxg5+ Ke6 39.Kg3 Ra1 40.Kf4 Ra2 41.f3 Ke7  1-0

[Event "Parsvnath ch-Commonwealth"]
[Site "New Delhi IND"]
[Date "2007.12.07"]
[Round "7"]
[White "Wohl,A"]
[Black "Barua,D"]
[Result "1/2-1/2"]
[WhiteElo "2415"]
[BlackElo "2491"]

1.c4 e5 2.g3 Nc6 3.Bg2 g6 4.Nc3 Bg7 5.Nf3 d6 6.d3 h6 7.Rb1 a5 8.a3 f5 9.Bd2 Nf6
10.O-O O-O 11.b4 axb4 12.axb4 e4 13.Ne1 Re8 14.b5 Nb8 15.Nc2 Nbd7 16.Nb4 Nc5
17.Qc2 Kh7 18.Nbd5 Nxd5 19.Nxd5 Be6 20.dxe4 Bxd5 21.cxd5 Nxe4 22.Rfc1 Nc5
23.Bf3 b6 24.Rb4 Qf6 25.g4 Ra3 26.gxf5 Qxf5 27.Qxf5 gxf5 28.Be3 Bf6 29.Kh1 Bg5
30.Bf4 Rea8 31.Kg2 R8a4 32.Rcb1 Rxb4 33.Rxb4 Ra4 34.Rxa4 Nxa4 35.Bxg5 hxg5
36.e4 Kg6 37.exf5+ Kxf5 38.Be2 Nc3 39.Bc4 Kf4 40.h3 Nb1 41.Bd3 Nd2 42.Bg6 Nf3
43.Be8 Nh4+ 44.Kf1 Ke4 45.Bc6 Nf5 46.Kg2 Nd4 47.Bd7 Ne2 48.Bc6 Kf4 49.Bd7 Nc3
50.Bc6 Ne4 51.Bd7 Nd2 52.Be8 Nf3 53.Bd7 Nh4+  1/2-1/2

[Event "ch-Marshall CC"]
[Site "New York USA"]
[Date "2007.12.15"]
[Round "6"]
[White "Frumkin,E"]
[Black "Kopiecki,E"]
[Result "1/2-1/2"]
[WhiteElo "2029"]
[BlackElo "2147"]

1.g3 e5 2.c4 Nf6 3.Bg2 Bc5 4.Nc3 Nc6 5.a3 a5 6.e3 O-O 7.Nge2 d6 8.O-O Be6
9.d4 exd4 10.exd4 Nxd4 11.Nxd4 Bxc4 12.Re1 Qc8 13.Bg5 Ng4 14.Nd5 Bxd5 15.Bxd5 Nxf2
16.Kxf2 Qf5+ 17.Qf3 Qxg5 18.Rad1 c6 19.Ba2 Qd8 20.Kg2 Qb6 21.Qc3 d5 22.Nf5 f6
23.Rc1 Rae8 24.Rc2 g6 25.Rxe8 Rxe8 26.Nh6+ Kg7 27.Ng4 Bd4 28.Qd2 f5 29.Qh6+ Kg8
30.Nf2 Be3 31.Qh4 Rf8 32.Qe7 Rf7 33.Qe8+ Rf8 34.Qe7 Rf7 35.Qe8+ Rf8 36.Qe7  1/2-1/2

[Event "7th Amplico AIG Life"]
[Site "Warsaw POL"]
[Date "2007.12.15"]
[Round "5"]
[White "Markowski,T"]
[Black "Warakomski,T"]
[Result "1-0"]
[WhiteElo "2584"]
[BlackElo "2498"]

1.g3 e5 2.c4 Nc6 3.Bg2 d6 4.Nc3 Be6 5.d3 Qd7 6.e4 g6 7.Nge2 Bg7 8.Nd5 f5
9.O-O Nge7 10.Be3 O-O 11.Qd2 Rf7 12.exf5 Nxf5 13.b4 Nd8 14.b5 c6 15.bxc6 bxc6
16.Ndc3 d5 17.cxd5 cxd5 18.Bc5 Rc8 19.Ba3 d4 20.Ne4 Qa4 21.Bc1 Rc2 22.Qd1 Rfc7
23.Ng5 Bb3 24.Bb2 Rxb2 25.axb3 Qb5 26.Rc1 Rxc1 27.Nxc1 Bh6 28.Ne4 Ne6 29.h4 Qb6
30.Qf3 Qc7 31.Nf6+ Kg7 32.Ne8+  1-0

[Event "TCh-HUN 2007-8"]
[Site "Budapest HUN"]
[Date "2007.12.16"]
[Round "5"]
[White "Reiss,T"]
[Black "Ruck,R1"]
[Result "1/2-1/2"]
[WhiteElo "2386"]
[BlackElo "2561"]

1.c4 e5 2.g3 Nf6 3.Bg2 d5 4.cxd5 Nxd5 5.Nf3 Nc6 6.O-O Nb6 7.d3 Be7 8.a3 a5
9.Nc3 O-O 10.Be3 Bg4 11.Na4 Nd5 12.Bc5 Bxc5 13.Nxc5 b6 14.Na4 Nd4 15.e3 Nxf3+
16.Bxf3 Bxf3 17.Qxf3 Re8 18.Rfd1 c5 19.Nc3 Nc7 20.Qe4 Qd6 21.Qc4 Red8 22.Nb5 Nxb5
23.Qxb5 h6 24.Rac1 Qe6 25.Qc4 Qf6 26.Rc3 Rd6 27.Rb1 Rad8 28.b4 axb4 29.axb4 e4
30.bxc5 bxc5 31.Rbb3 exd3 32.Rxd3 Qa1+ 33.Kg2 Rxd3 34.Rxd3 Qa8+ 35.Kf1 Qa1+
36.Ke2 Rxd3 37.Qxd3 Qa2+ 38.Qd2 Qa6+ 39.Kd1 Qa4+ 40.Qc2 Qb5 41.Kd2 g6 42.Qd3 Qa5+
43.Qc3 Qa2+ 44.Qc2 Qd5+ 45.Kc3 h5 46.f4 Kg7 47.Qd3 Qa2 48.Qd2 Qe6 49.Qd3 f5
50.Qd2 Kf7 51.Qd8 Qxe3+ 52.Kc4 Qe2+ 53.Kxc5 Qxh2 54.Qd7+ Kf8 55.Qd8+ Kf7
56.Qd7+  1/2-1/2

[Event "7th Amplico AIG Life"]
[Site "Warsaw POL"]
[Date "2007.12.16"]
[Round "13"]
[White "Janczarski,M"]
[Black "Mickiewicz,P"]
[Result "0-1"]
[WhiteElo "2111"]
[BlackElo "2306"]

1.c4 e5 2.g3 Nf6 3.Bg2 Nc6 4.d3 d5 5.cxd5 Nxd5 6.Nc3 Be6 7.Nf3 Be7 8.O-O Qd7
9.Bd2 h5 10.h4 f6 11.Ne4 O-O-O 12.Rc1 Kb8 13.Nc5 Bxc5 14.Rxc5 Nde7 15.a4 Bg4
16.b4 e4 17.b5 exf3 18.exf3 Bf5 19.bxc6 Qxd3 20.Qe1 Nxc6 21.Be3 Rhe8 22.Qc1 Re7
23.Kh2 Ne5 24.Rc3 Qd7 25.Qa3 Rde8 26.Rfc1 Qd5 27.Rc5 Qd3 28.R5c3 Qe2 29.a5 Bc8
30.a6 b6 31.Bxb6 axb6 32.a7+ Ka8 33.f4+ Bb7 34.fxe5 Bxg2 35.Kxg2 Qxe5 36.Qa4 Qd5+
37.Kh2 Re2 38.Rf1 R2e4 39.Qa6 Qe5 40.Rcc1 Rxh4+ 41.Kg1 Re4 42.Qd3 h4 43.Qd7 Qd6
44.Rxc7 Qxd7 45.Rxd7 R4e7 46.Rxe7 Rxe7 47.gxh4 Re4 48.Rd1 Rg4+ 49.Kf1 Kxa7
50.Rd7+ Ka6 51.Ke2 b5 52.f3 Rxh4 53.Rxg7 Rc4 54.Re7 Rc6 55.f4 Ka5 56.Kd3 Kb4
57.f5 Rd6+ 58.Ke4 Kc5 59.Kf4 b4 60.Kg4 b3 61.Rb7 Rb6 62.Rc7+ Kd4 63.Rd7+ Ke3
64.Rd1 b2 65.Rb1 Kd2 66.Kh5 Kc2 67.Rxb2+ Kxb2  0-1

[Event "ch-RSA"]
[Site "Milnerton RSA"]
[Date "2007.12.17"]
[Round "6"]
[White "Gluckman,D"]
[Black "Klaasen,C"]
[Result "1/2-1/2"]
[WhiteElo "2306"]
[BlackElo "1982"]

1.c4 e5 2.g3 Nc6 3.Bg2 g6 4.d3 Bg7 5.Nc3 Nge7 6.e4 d6 7.Nge2 O-O 8.O-O Be6
9.Nd5 f5 10.f4 Qd7 11.Rb1 Nd8 12.b4 c6 13.Nxe7+ Qxe7 14.Qc2 Nf7 15.b5 c5  1/2-1/2

[Event "It"]
[Site "Podgorica MNE"]
[Date "2007.12.17"]
[Round "9"]
[White "Nikac,P"]
[Black "Kalezic,B"]
[Result "1/2-1/2"]
[WhiteElo "2356"]
[BlackElo "2392"]

1.g3 e5 2.c4 Nf6 3.Bg2 Nc6 4.Nc3 Bc5 5.d3 O-O 6.Nf3 h6 7.O-O a5 8.Nd5 d6
9.a3 Nxd5 10.cxd5 Ne7 11.d4 exd4 12.Nxd4 Nf5 13.Nb3 Bb6 14.e4 Ne7 15.Nd4 Ng6  1/2-1/2